Hearings subcommitee to investigate the administration of the internal security act and other internal security laws of the committee on the judiciary United States senate

Αποθηκεύτηκε σε:
Λεπτομέρειες βιβλιογραφικής εγγραφής
Μορφή: Βιβλίο
Γλώσσα:Undetermined
Έκδοση: Washington United States Governemnt Printing Office 1951
Θέματα:
Ετικέτες: Προσθήκη ετικέτας
Δεν υπάρχουν, Καταχωρήστε ετικέτα πρώτοι!
Thư viện lưu trữ: Trung tâm Học liệu Trường Đại học Cần Thơ
LEADER 00602nam a2200157Ia 4500
001 CTU_91467
008 210402s9999 xx 000 0 und d
082 |a 335.73 
082 |b H436/Vol.1,2 
245 0 |a Hearings subcommitee to investigate the administration of the internal security act and other internal security laws of the committee on the judiciary United States senate 
260 |a Washington 
260 |b United States Governemnt Printing Office 
260 |c 1951 
650 |a Institute of pacific relations 
904 |i Tuyến 
980 |a Trung tâm Học liệu Trường Đại học Cần Thơ